Countries by First Three Letters with a Map - Statistics

General Stats
  • This quiz has been taken 2,107 times
  • The average score is 165 of 204
Answers on the Map
Answers color-coded by a green-red scale on the quiz's map according to % correct below.
 
Answer Stats
country % Correct
United Arab Emirates
99%
United Kingdom
99%
United States
99%
Canada
98%
Chile
98%
China
98%
Australia
97%
Austria
97%
Brazil
97%
France
97%
North Korea
97%
North Macedonia
97%
Norway
97%
Russia
97%
India
96%
Indonesia
96%
Mexico
96%
South Africa
96%
South Korea
96%
South Sudan
96%
Germany
95%
Monaco
95%
Mongolia
95%
Montenegro
95%
Spain
95%
Sweden
95%
Belarus
94%
Belgium
94%
Belize
94%
Finland
94%
Ireland
94%
Italy
94%
Portugal
94%
Turkey
94%
Turkmenistan
94%
Argentina
93%
Egypt
93%
Greece
93%
Greenland
93%
Grenada
93%
Iran
93%
Iraq
93%
Malawi
93%
Malaysia
93%
Maldives
93%
Mali
93%
Malta
93%
Algeria
91%
Colombia
91%
Iceland
91%
Japan
91%
Madagascar
91%
Peru
91%
Poland
91%
Venezuela
91%
Kazakhstan
90%
Oman
90%
Saudi Arabia
90%
Ukraine
90%
Bolivia
89%
Cambodia
89%
Cameroon
89%
Cuba
89%
Morocco
89%
Panama
89%
Paraguay
89%
Yemen
89%
Chad
88%
Liberia
88%
Libya
88%
Niger
88%
Nigeria
88%
Switzerland
88%
Vietnam
88%
Democratic Republic of the Congo
87%
Pakistan
87%
Thailand
87%
Uruguay
87%
Afghanistan
86%
Ethiopia
86%
Honduras
86%
Romania
86%
Somalia
86%
Sudan
86%
Dominica
85%
Dominican Republic
85%
Ecuador
85%
Haiti
85%
New Zealand
85%
Nicaragua
85%
Estonia
84%
Guatemala
84%
Kenya
84%
Latvia
84%
Lithuania
84%
Tunisia
84%
Bahamas
83%
Bahrain
83%
Congo
83%
Guyana
83%
Laos
83%
Mauritania
83%
Mauritius
83%
Netherlands
83%
Slovakia
83%
Slovenia
83%
Suriname
83%
Bulgaria
82%
Costa Rica
82%
Hungary
82%
Nepal
82%
Serbia
82%
Angola
81%
Bangladesh
81%
Croatia
81%
Czechia
81%
Israel
81%
Philippines
81%
Tanzania
81%
Uzbekistan
81%
Zambia
81%
Zimbabwe
81%
Denmark
80%
Eritrea
80%
Guinea
80%
Guinea-Bissau
80%
Jordan
80%
Namibia
80%
Papua New Guinea
80%
Syria
80%
Albania
79%
Azerbaijan
79%
Ghana
79%
Kyrgyzstan
79%
Mozambique
79%
Myanmar
79%
Bosnia and Herzegovina
78%
Burkina Faso
78%
Burundi
78%
El Salvador
78%
Benin
77%
Bhutan
77%
Botswana
77%
Jamaica
77%
Sri Lanka
77%
Tajikistan
77%
Armenia
76%
Central African Republic
76%
Georgia
76%
Moldova
76%
Senegal
76%
Uganda
76%
Togo
75%
Côte d'Ivoire
74%
Gabon
74%
Kosovo
74%
Saint Kitts and Nevis
74%
Saint Lucia
74%
Saint Vincent and the Grenadines
74%
Rwanda
72%
Taiwan
72%
Palau
71%
Palestine
71%
Djibouti
70%
Luxembourg
70%
Cabo Verde
69%
Equatorial Guinea
69%
Fiji
69%
Kiribati
69%
Lesotho
69%
Comoros
68%
Gambia
68%
Kuwait
68%
Lebanon
68%
Marshall Islands
68%
Qatar
68%
Sierra Leone
68%
Cyprus
67%
Micronesia
65%
São Tomé and Príncipe
65%
Seychelles
65%
Tonga
65%
Vanuatu
65%
Eswatini
64%
Nauru
64%
Solomon Islands
64%
Andorra
63%
Barbados
63%
San Marino
63%
Samoa
62%
Tuvalu
62%
Liechtenstein
61%
Trinidad and Tobago
60%
Vatican City
60%
Antigua and Barbuda
57%
Timor-Leste
53%
Brunei
49%
Sint Maarten
46%
Singapore
45%
Aruba
44%
Niue
24%
Cook Islands
23%
Curaçao
23%
Faroe Islands
23%
No matching quizzes found
Score Distribution
Percent of People with Each Score
Percentile by Number Answered
Your Score History
You have not taken this quiz